00253nam a2200109Ia 4500008004100000020001500041100001800056245002300074250000700097260002900104300001000133211105s9999 xx 000 0 und d aVYASA10383 aBr Rajam Iyer 0aRambles In Vedanta a\N bMotilal banarsidass c\N a864p.